European Flags to Capitals - Statistics

General Stats
  • This quiz has been taken 158 times
  • The average score is 38 of 45
Answer Stats
Picture Answer % Correct
Berlin
94%
Brussels
93%
Paris
93%
Athens
92%
Vienna
92%
Dublin
91%
Prague
91%
Rome
91%
Copenhagen
90%
Helsinki
90%
Amsterdam
89%
Oslo
89%
Zagreb
89%
Budapest
88%
Lisbon
88%
Minsk
86%
Moscow
86%
San Marino
86%
Sarajevo
86%
Sofia
86%
Tirana
86%
Warsaw
86%
Madrid
85%
Bucharest
84%
Reykjavik
84%
Stockholm
84%
Kiev
83%
London
83%
Luxembourg
83%
Vatican City
83%
Andorra la Vella
82%
Bern
82%
Monaco
82%
Tallinn
81%
Riga
79%
Skopje
79%
Vilnius
76%
Belgrade
75%
Pristina
75%
Vaduz
75%
Ljubljana
74%
Podgorica
73%
Valletta
73%
Bratislava
72%
Chisinau
70%
No matching quizzes found
Score Distribution
Percent of People with Each Score
Percentile by Number Answered
Your Score History
You have not taken this quiz